Teşkilâtı Esasiye Kanunu/ (Record no. 15169)

MARC details
000 -BAŞLIK
Sabit Uzunlukta Kontrol Alanı 00615nam a22001817a 4500
999 ## - SİSTEM KONTROL NUMARALARI (KOHA)
Koha Biblionumber 15169
Koha Biblioitemnumber 15169
003 - KONTROL NUMARASI IDENTIFIER
Denetim Alanı MIRAKIL
005 - SON İŞLEM TARİHİ VE ZAMANI
Denetim Alanı 20230222121327.0
008 - SABİT-BOY VERİ ELEMANLARI - GENEL BİLGİLER
Sabit Uzunlukta Kontrol Alanı 230222b tu ||||| |||| 00| 0 tur d
040 ## - KATALOGLAMA KAYNAK
Orijinal Kataloglama Ajansı TR-AnCHP
Metne Dönüştürmek Ajansı TR-AnCHP
041 ## - DİL KODU
Metin / Ses Parça Veya Ayrı Başlığın Dil Kodu tur
082 ## - DEWEY ONLU SINIFLANDIRMA NUMARASI
Sınıflandırma Numarası 342.56105
Ürün Numarası T37 1929
245 10 - BAŞLIK TABLOSU
Başlık Teşkilâtı Esasiye Kanunu/
260 ## - YAYIN, DAĞITIM, VB
Yayın, Dağıtım, Vb Yeri Ankara:
Yayıncı, Dağıtıcı, Vs Adı Devlet matbaası,
Yayın, Dağıtım, Vb Tarihi 1929.
300 ## - FİZİKSEL TANIM
Kapsam 34 s.:
Diğer Fiziksel Ayrıntıları fotg.;
Boyutlar 17 sm.
500 ## - GENEL NOT
Genel Not Teşkilatı Esasiye Kanununun bu nüshası millet mektepleri mezunları için hususi olarak Devlet Matbaasında bastırılmıştır.
650 #0 - KONU KATMA GİRİŞ - TOPİKAL DÖNEM
9 (RLIN) 7341
Topikal Süreli Veya Coğrafi Ad Giriş Elemanı Teşkilatı Esasiye Kanunu
Genel Alt Bölümü Türkiye
942 ## - EKLENDİ GİRİŞ ELEMANLARI (KOHA)
Sınıflandırma Veya Raf Düzeni Kaynak Dewey Decimal Classification
Koha Öğesi Türü Books
Holdings
Kullanım Kısıtlamaları Kalıcı Konum Mevcut Konum Edinme Tarihi Toplam Check-Out'Lar Tam Çağrı Numarası Barkod Tarih Son Görülme İtibaren Geçerli Fiyatlar Koha Öğesi Türü
Kütüphane dışına çıkarılamaz ARŞİV ARŞİV 02/22/2023   342.56105 T37 1929 020742 02/22/2023 02/22/2023 Books